000 00295nam a22001337a 4500
008 170627b xxu||||| |||| 00| 0 eng d
020 _a9780415124195
041 _aeng
080 _a37
100 _a21
101 _aSHP
245 _aEUROPEAN DEMOCRATIC CULTURE
_cRIEU, A.M
942 _2udc
_cBK
999 _c19130
_d19130